Building structures : elementary analysis and design /

Bibliographic Details
Main Author: Shaeffer, R. E.
Format: Book
Language:English
Published: Englewood Cliffs, N.J. : Prentice-Hall, [1980]
Subjects:

MARC

Tag First Indicator Second Indicator Subfields
LEADER 00000pam a2200000 i 4500
001 in00000660021
005 20151015095347.0
008 790913s1980 njua b 00110 eng
010 |a  79021912  
020 |a 0130865613 
035 |a (OCoLC)05447477 
035 |9 ACZ0137AM 
040 |a DLC  |c DLC  |d TXA  |d UtOrBLW 
049 |a TXAM  |c [1800308] 
050 0 0 |a TA645  |b .S479 1980 
082 0 |a 624/.17 
100 1 |a Shaeffer, R. E. 
245 1 0 |a Building structures :  |b elementary analysis and design /  |c R. E. Shaeffer ; with full-page ill. by Pat Pinnell. 
264 1 |a Englewood Cliffs, N.J. :  |b Prentice-Hall,  |c [1980] 
264 4 |c ©1980 
300 |a xiv, 336 pages :  |b illustrations ;  |c 28 cm. 
336 |a text  |b txt  |2 rdacontent 
337 |a unmediated  |b n  |2 rdamedia 
338 |a volume  |b nc  |2 rdacarrier 
500 |a Includes index. 
504 |a Bibliography: pages 289-290. 
650 0 |a Structural analysis (Engineering) 
650 0 |a Structural design. 
999 |a MARS 
999 f f |s f3eda02b-928a-3539-97a8-5a9d9f4fdce6  |i d978a120-0605-3354-bcc6-1cf03c632936  |t 0 
952 f f |p normal  |a Texas A&M University  |b College Station  |c Sterling C. Evans Library  |d Evans: Library Stacks  |t 0  |e TA645 .S479 1980  |h Library of Congress classification  |i unmediated -- volume  |m A14805331704 
998 f f |a TA645 .S479 1980  |t 0  |l Evans: Library Stacks